Statistics for Breaking Bad: Walt's "I Am The One Who Knocks" Monologue

Click here to take the quiz!

General Stats

  • This quiz has been taken 430 times
  • The average score is 87 of 117

Answer Stats

Answer% Correct
I
100%
the
99%
A
99%
a
99%
Who
98%
you
98%
who
98%
you,
98%
am
97%
on
97%
knocks!
97%
Do
97%
think
94%
one
94%
No.
91%
No,
91%
me
90%
to,
90%
to
90%
me.
90%
me?
90%
are
88%
door
83%
that
82%
know
81%
danger,
81%
danger.
81%
in
79%
in.
79%
is
77%
talking
77%
and
77%
Skyler
77%
not
76%
of
75%
it.
75%
It
75%
it
75%
what
72%
be
71%
don't
70%
shot
68%
guy
68%
opens
66%
so
66%
his
66%
now?
65%
gets
64%
see?
64%
right
63%
you're
62%
if
61%
how
61%
let
57%
could
55%
would
55%
make
53%
happen
53%
much
52%
clearly
51%
believe
48%
year?
48%
work?
47%
big
46%
up.
45%
told
45%
going
44%
business
43%
wouldn't
43%
stop
42%
even
42%
clue
42%
enough
42%
listed
38%
goes
38%
decided
37%
belly
36%
NASDAQ
35%
without
32%
suddenly
32%
exist
30%
ceases
29%
mean,
26%
Disappears!
20%

Score Distribution

Percentile by Number Answered

Percent of People with Each Score

Your Score History

You have not taken this quiz